Szybkie pisanie z znakami polskimi. ą,ć,ę,ż,ó,ź,ń,ł,ś - Statystyki

Ogólne statystyki
  • Ten quiz został rozwiązany 199 razy
  • Średni wynik to 28 z 31
Statystyki odpowiedzi
Odpowiedź % Poprawnych
a
99%
ą
99%
e
97%
ę
97%
c
96%
ć
96%
d
92%
g
92%
o
92%
ó
92%
s
92%
f
91%
h
91%
j
91%
z
91%
ź
91%
ż
91%
b
90%
i
90%
l
90%
ł
90%
n
90%
ń
90%
w
88%
m
87%
r
87%
u
87%
p
85%
t
85%
y
85%
x
81%
Nie znaleziono quizów pasujących do podanych kryteriów
Rozkład punktacji
Procent ludzi z każdym wynikiem
Percentyl według liczby udzielonych odpowiedzi
Twoja historia wyników
Nie rozwiązałeś tego quizu